[Event "World Championship 34th-KK4"]
[Site "Sevilla"]
[Date "1987.11.02"]
[Round "8"]
[White "Kasparov, Garry"]
[Black "Karpov, Anatoly"]
[Result "1-0"]
[WhiteElo "2740"]
[BlackElo "2700"]
[Annotator "Bulletin"]
[PlyCount "99"]
[EventDate "1987.10.??"]
[EventType "match"]
[EventRounds "24"]
[EventCountry "ESP"]
[Source "ChessBase"]

1. c4 e5 {1...g6 - 44/(40)} 2. Nc3 d6 3. g3 c5 4. Bg2 Nc6 5. a3 $1 g6 (5... a5
$5) 6. b4 Bg7 (6... cxb4 7. axb4 Nxb4 8. Qa4+ Nc6 9. Bxc6+ bxc6 10. Qxc6+ Bd7
11. Qb7 Rc8 (11... Ne7 12. Rxa7 $16) 12. Rxa7 Rxc4 13. Nf3 $16) 7. Rb1 (7. bxc5
dxc5 8. Bxc6+ bxc6 9. Rb1 {/\ d3}) 7... Nge7 8. e3 O-O 9. d3 Rb8 10. Nge2 Be6
11. b5 Na5 12. Bd2 b6 (12... d5 13. cxd5 Nxd5 14. Nxd5 Bxd5 15. Bxd5 Qxd5 16.
O-O b6 17. Bxa5 bxa5 18. Nc3 $16) 13. O-O Nb7 14. e4 Kh8 $6 (14... h6 {/\ f5})
15. Qc1 f5 16. Bg5 Qe8 17. Bxe7 $1 Qxe7 18. exf5 Bxf5 $6 (18... gxf5 19. f4 $14
) 19. Nd5 $14 Qd7 20. Qd2 Na5 (20... Nd8 {>=} 21. a4 Nf7 22. a5 Bh6 {/\ Ng5-h3}
) 21. Nec3 Rbe8 22. Ne4 Nb7 23. a4 Na5 24. h4 Nb7 25. Kh2 Rb8 26. Ra1 Na5 27.
Ra3 Rf7 28. Qc3 Rd8 29. Ra2 $16 Bh6 30. Ng5 Rff8 31. Re2 Bg7 32. Qc2 Rde8 33.
Ne3 $1 Bh6 34. Bd5 Bg7 (34... Bxg5 35. hxg5 {/\ f4+/-}) 35. Qd1 h6 36. Ne4 Qd8
37. Ra2 Bc8 38. Nc3 $1 h5 39. Be4 Re6 40. Ncd5 Bh6 41. Ng2 Kg7 $6 42. f4 $18
exf4 (42... Ree8 43. Raf2 {/\ f5+-}) 43. Ngxf4 Re5 44. Nxg6 $1 Rxf1 45. Qxf1
Rxe4 46. dxe4 Kxg6 47. Rf2 Qe8 (47... Bg7 48. Rf7 {/\ Ne7, e5+-}) 48. e5 $1
dxe5 (48... Qxe5 49. Re2 $18) 49. Rf6+ Kg7 50. Rd6 1-0